000 00367nam a22001217a 4500
008 230609b xxu||||| |||| 00| 0 eng d
082 _a332.67
_bKNA
100 _cGovernment of Kenya
245 _aTreasury Memorandum on the Implementation Status on the Fifth Report of the Public Investments Committee
260 _aKenya
_bGOK
_c1995
300 _a913p
942 _2ddc
_cBK
999 _c907
_d907